000 01116cam a22002891i 4500
003 SA-RiAUC
005 20250709054138.0
008 250708s1997 su g 000r0 ara c
020 _a 9960780449
040 _aSA-RiKSU
_bara
_cSA-RiAUC
_dKAC
_erda
043 _aa-su---
050 4 _bQ27 1997
082 0 4 _a001.4409531
_qSA-RiAUC
090 _a001.4409531
_bق ا س
100 1 _aقاسم، محمود،
_d1913-1973
_eمؤلف.
245 1 0 _aجائزة الملك فيصل :
_bدراسة مقارنة مع الجوائز العالمية /
_cالدكتور محمود قاسم.
264 1 _aالرياض :
_bمؤسسة اليمامة الصحفية،
_c1997
300 _a210 صفحة ؛
_c22 سم.
336 _aنص
_btxt
_2rdacontent
_3كتاب
337 _aبدون وسيط
_bn
_2rdamedia
338 _aمجلد
_bnc
_2rdacarrier
490 0 _aكتاب الرياض ؛
_v45
610 2 7 _aجائزة الملك فيصل العالمية
_2aucnm
650 7 _aالجوائز والمكافآت
_zالسعودية
_2aucsh
942 _2ddc
_cBOOK
_n0
949 _aSA-JeALM
_d250708
_umohamedma123
_n1
999 _c9617
_d9617